Top 10 najbardziej zaludnionych miast w Polsce - Statystyki

Ogólne statystyki
  • Ten quiz został rozwiązany 25 razy
  • Średni wynik to 10 z 10
Statystyki odpowiedzi
Liczba Ludności Miasto % Poprawnych
6. ok. 480 tyś Gdańsk
100%
2. ok. 800 tyś Kraków
100%
1. ok. 1,86 mln Warszawa
100%
3. ok. 670 tyś Wrocław
100%
4. ok. 650 tyś Łódź
96%
5. ok. 540 tyś Poznań
96%
9. ok. 330 tyś Bydgoszcz
92%
8. ok. 330 tyś Lublin
92%
10. ok. 300 tyś Białystok
88%
7. ok. 390 tyś Szczecin
88%
Nie znaleziono quizów pasujących do podanych kryteriów
Rozkład punktacji
Procent ludzi z każdym wynikiem
Percentyl według liczby udzielonych odpowiedzi
Twoja historia wyników
Nie rozwiązałeś tego quizu